| 000 | 00718nam a22002297i 4500 | ||
|---|---|---|---|
| 999 |
_c23247 _d23247 |
||
| 003 | AR-CdUCM | ||
| 008 | 250404b20062006cc ||||| |||| 00| 0 eng d | ||
| 020 | _a978-0-7641-5943-5 | ||
| 040 |
_aMUNICIPALIDAD PROVINCIAL DEL CUSCO _cBIBLIOTECA MUNICIPAL DEL CUSCO |
||
| 041 | _heng | ||
| 082 |
_aPI / 372.21 / C75 _bC75 |
||
| 100 |
_aPetty, Colin _951111 |
||
| 245 | _aOpposites (opuestos) / | ||
| 260 |
_aUnited state and Canada _bLibrary of Congress _c2006 |
||
| 300 |
_a10 páginas. : _bIlustraciones, _c19x19 cm. |
||
| 650 |
_aPrimera infancia _924660 |
||
| 650 |
_aopposites _951112 |
||
| 650 |
_aingles para infantes _951113 |
||
| 856 | _fwww.barronseduc.com | ||
| 942 |
_2ddc _cLIBROS |
||
| 945 |
_apbjr _d4-04-2025 |
||